Statistics for Binding of Isaac Items

Click here to take the quiz!

General Stats

  • This quiz has been taken 43 times
  • The average score is 118 of 713

Answer Stats

Item% Correct
Brimstone
78%
D1
65%
D6
65%
Soy Milk
65%
Cricket's Head
57%
D4
57%
Mom's Knife
57%
Mutant Spider
57%
Sacred Heart
57%
Breakfast
52%
Chocolate Milk
52%
D10
52%
Godhead
52%
The Negative
52%
Almond Milk
48%
Cricket's Body
48%
Dead Cat
48%
D Infinity
48%
Dinner
48%
Guppy's Tail
48%
Ipecac
48%
Key Bum
48%
Key Piece 2
48%
Rock Bottom
48%
The Bible
48%
The Polaroid
48%
Aries
43%
Ball of Bandages
43%
Brother Bobby
43%
Cube of Meat
43%
D7
43%
D8
43%
Dr. Fetus
43%
Guppy's Eye
43%
Key Piece 1
43%
Magic Mushroom
43%
Mom's Eye
43%
Pyro
43%
Satanic Bible
43%
Technology
43%
The Poop
43%
1up
39%
Aquarius
39%
Cancer
39%
C Section
39%
D20
39%
Daddy Longlegs
39%
Dad's Key
39%
Epic Fetus
39%
Gemini
39%
Guppy's Collar
39%
Guppy's Head
39%
Guppy's Paw
39%
Holy Mantle
39%
Inner Eye
39%
Libra
39%
Meat!
39%
Mom's Purse
39%
Mom's Wig
39%
Polyphemus
39%
Pyromaniac
39%
Scorpio
39%
Taurus
39%
Tech X
39%
20/20
35%
Capricorn
35%
D100
35%
D12
35%
Dark Bum
35%
Death Certificate
35%
Eve's Mascara
35%
Goat Head
35%
Guppy's Hairball
35%
How To Jump
35%
Leo
35%
Lord of the Pit
35%
Lunch
35%
Mega Mush
35%
Mom's Heels
35%
Money = Power
35%
Monstro's Lung
35%
Revelation
35%
Sad Onion
35%
Sagittarius
35%
Sister Maggy
35%
Tammy's Head
35%
Technology 2
35%
Terra
35%
Abaddon
30%
A Dollar
30%
Ball of Tar
30%
Blank Card
30%
Blood Bag
30%
Bob's Brain
30%
Chaos
30%
Dead Bird
30%
Dessert
30%
Dogma
30%
Flush!
30%
Haemolacria
30%
Incubus
30%
Judas' Shadow
30%
Jupiter
30%
Knife Piece 1
30%
Knife Piece 2
30%
Little Steven
30%
Lucky Foot
30%
Mini Mush
30%
Monstro's Tooth
30%
Odd Mushroom
30%
Pentagram
30%
Razor Blade
30%
R Key
30%
Spindown Dice
30%
Spoon Bender
30%
Supper
30%
Tech.5
30%
The Halo
30%
The Mark
30%
The Mind
30%
The Parasite
30%
The Soul
30%
The Wafer
30%
TMTRAINER
30%
Void
30%
Whore of Babylon
30%
A Lump of Coal
26%
A Quarter
26%
A Snack
26%
Bag of Crafting
26%
Bloody Lust
26%
Book of Belial
26%
Book of Virtues
26%
Boom!
26%
Box
26%
Bumbo
26%
Cain's Other Eye
26%
Ceremonial Robes
26%
Demon Baby
26%
Diplopia
26%
Dry Baby
26%
Eternal D6
26%
Eye of the Occult
26%
Gnawed Leaf
26%
Hive Mind
26%
Holy Water
26%
Infestation
26%
IV Bag
26%
Lil Brimstone
26%
Little Chad
26%
<3
26%
Mars
26%
Mega Blast
26%
Mom's Box
26%
Mom's Key
26%
Mom's Lipstick
26%
Mr. ME!
26%
PHD
26%
Skeleton Key
26%
Sol
26%
Spirit of the Night
26%
The Body
26%
The Pact
26%
The Stairway
26%
Tiny Planet
26%
Transcendence
26%
Virgo
26%
Yum Heart
26%
3 Dollar Bill
22%
4.5 Volt
22%
Anarchist Cookbook
22%
Ankh
22%
BBF
22%
BFFs!
22%
Binge Eater
22%
Black Lotus
22%
Blood of the Martyr
22%
Bomb Bag
22%
Book of Revelations
22%
Book of Secrets
22%
Broken Shovel
22%
Celtic Cross
22%
Cupid's Arrow
22%
Dad's Note
22%
Duality
22%
E. Coli
22%
Eucharist
22%
Glass Cannon
22%
Golden Razor
22%
Growth Hormones
22%
Holy Light
22%
Infestation 2
22%
Lil Delirium
22%
Lil Monstro
22%
Little Gish
22%
Luna
22%
Lusty Blood
22%
Milk!
22%
Missing Page 2
22%
More Options
22%
Moving Box
22%
My Reflection
22%
Pisces
22%
Proptosis
22%
Rainbow Baby
22%
Roid Rage
22%
Rotten Baby
22%
Rubber Cement
22%
Sacred Orb
22%
Saturnus
22%
Seraphim
22%
Sissy Longlegs
22%
SMB Super Fan
22%
Spiderbaby
22%
Steam Sale
22%
Steven
22%
Stop Watch
22%
The Book of Sin
22%
The Necronomicon
22%
There's Options
22%
The Small Rock
22%
Toothpicks
22%
Tough Love
22%
Twisted Pair
22%
Venus
22%
2Spooky
17%
9 Volt
17%
Abel
17%
Anemic
17%
Anima Sola
17%
Apple!
17%
Backstabber
17%
Birthright
17%
Black Candle
17%
Bloody Gust
17%
Blue Map
17%
Bob's Curse
17%
Book of Shadows
17%
Book of the Dead
17%
Broken Modem
17%
Bum Friend
17%
Cat-O-Nine-Tails
17%
Clicker
17%
Contract from Below
17%
Crown of Light
17%
Cursed eye
17%
Dark Arts
17%
Dead Onion
17%
Deck of Cards
17%
Delirious
17%
Dull Razor
17%
Fire Mind
17%
Flat Stone
17%
Gimpy
17%
Glitched Crown
17%
Habit
17%
Holy Grail
17%
Host Hat
17%
Isaac's Tears
17%
Isaac's Tomb
17%
Jesus Juice
17%
Kamikaze
17%
Lachryphagy
17%
Lemegeton
17%
Lil Loki
17%
Little Baggy
17%
Little Chubby
17%
Lost Contact
17%
Lost Soul
17%
Maggy's Bow
17%
Magic Scab
17%
Mama Mega!
17%
Maw of the Void
17%
Midas Touch
17%
Midnight Snack
17%
Mom's Contacts
17%
Mom's Underwear
17%
Monster Manual
17%
Mr. Boom
17%
Mr. Dolly
17%
Mr. Mega
17%
Neptunus
17%
Number One
17%
Old Bandage
17%
Options?
17%
Pandora's Box
17%
Placebo
17%
Placenta
17%
Plan C
17%
Playdough Cookie
17%
Pluto
17%
Pop!
17%
Psy Fly
17%
Red Candle
17%
Redemption
17%
Red Key
17%
Rotten Meat
17%
Rune Bag
17%
Sad Bombs
17%
Schoolbag
17%
Screw
17%
???'s Only Friend
17%
Speed Ball
17%
Starter Deck
17%
Succubus
17%
Synthoil
17%
The Battery
17%
The Candle
17%
The Relic
17%
The Virus
17%
Uranus
17%
Wavy Cap
17%
Wire Coat Hanger
17%
X-Ray Vision
17%
Yuck Heart
17%
Acid Baby
13%
Act of Contrition
13%
Angelic Prism
13%
A Pony
13%
Athame
13%
Berserk!
13%
Best Friend
13%
Betrayal
13%
Big Fan
13%
Blanket
13%
Bob's Rotten Head
13%
Bogo Bombs
13%
Bot Fly
13%
Box of Friends
13%
Bozo
13%
Breath of Life
13%
Brimstone Bombs
13%
Broken Watch
13%
Buddy in a Box
13%
Cambion Conception
13%
Candy Heart
13%
Continuum
13%
Coupon
13%
Crooked Penny
13%
Crystal Ball
13%
Curse of the Tower
13%
Dad's Ring
13%
Dead Dove
13%
Death's Touch
13%
Deep Pockets
13%
Doctor's Remote
13%
Eraser
13%
Euthanasia
13%
Experimental Treatment
13%
Explosivo
13%
Eye of Belial
13%
False PHD
13%
Fanny Pack
13%
Farting Baby
13%
Fate
13%
Finger!
13%
Forever Alone
13%
Forget Me Now
13%
Fruit Cake
13%
Gello
13%
Genesis
13%
Ghost Bombs
13%
Ghost Pepper
13%
Glitter Bombs
13%
Greed's Gullet
13%
Halo of Flies
13%
Head of Krampus
13%
Head of the Keeper
13%
Iron Bar
13%
Isaac's Heart
13%
Jacob's Ladder
13%
Kidney Stone
13%
Lazarus' Rags
13%
Lil Abaddon
13%
Lil Gurdy
13%
Lost Fly
13%
Magic 8 Ball
13%
Marbles
13%
Missing No
13%
Mom's Bra
13%
Mom's Coin Purse
13%
Mom's Eyeshadow
13%
Mom's Perfume
13%
Mongo Baby
13%
Montezuma's Revenge
13%
Multidimensional Baby
13%
My Shadow
13%
Mysterious Liquid
13%
Mystery Gift
13%
Pageant Boy
13%
Pay to Play
13%
PJs
13%
Potato Peeler
13%
Raw Liver
13%
Red Stew
13%
Rotten Tomato
13%
Sack of Sacks
13%
Scissors
13%
Sharp Plug
13%
Spear of Destiny
13%
Squeezy
13%
Star of Bethlehem
13%
Stem Cells
13%
Stigmata
13%
Strawman
13%
Sulfur
13%
The Common Cold
13%
The Compass
13%
The Guillotine
13%
The Ludovico Technique
13%
The Mulligan
13%
Tooth and Nail
13%
Treasure Map
13%
Trisagion
13%
We Need to Go Deeper
13%
A Bar of Soap
9%
Abyss
9%
Adrenaline
9%
Akeldama
9%
Anti-Gravity
9%
A Pound of Flesh
9%
Astral Projection
9%
Best Bud
9%
Big Chubby
9%
Binky
9%
Bird's Eye
9%
Blood Rights
9%
Blue Cap
9%
Boiled Baby
9%
Booster Pack
9%
Box of Spiders
9%
Bucket of Lard
9%
Caffeine Pill
9%
Car Battery
9%
Charged Baby
9%
Clear Rune
9%
Compound Fracture
9%
Cone Head
9%
Crack the Sky
9%
Cube Baby
9%
Dad's Lost Coin
9%
Damocles
9%
Dark Matter
9%
Dataminer
9%
Distant Admiration
9%
Divine Intervention
9%
Divorce Papers
9%
Dog Tooth
9%
Dream Catcher
9%
Echo Chamber
9%
Eden's Soul
9%
Esau Jr
9%
Eye of Greed
9%
Fate's Reward
9%
Flip
9%
Free Lemonade
9%
Friend Zone
9%
Glaucoma
9%
Glowing Hourglass
9%
God's Flesh
9%
Harlequin Baby
9%
Hold
9%
Hot Bombs
9%
Hungry Soul
9%
Hushy
9%
Immaculate Heart
9%
Infamy
9%
Inner Child
9%
It Hurts
9%
Jar of Flies
9%
Jaw Bone
9%
Jumper Cables
9%
Keeper's Sack
9%
King Baby
9%
Knockout Drops
9%
Larynx
9%
Latch Key
9%
Leech
9%
Lil Chest
9%
Lil Haunt
9%
Little Horn
9%
Lodestone
9%
Loki's Horns
9%
Meat Cleaver
9%
Member Card
9%
Mercurius
9%
Mitre
9%
Mom's Bottle of Pills
9%
Mom's Shovel
9%
Mystery Sack
9%
Nancy Bombs
9%
Parasitoid
9%
Paschal Candle
9%
Pause
9%
Piggy Bank
9%
Plum Flute
9%
Pointy Rib
9%
Poke Go
9%
Polydactyly
9%
Portable Slot
9%
Prayer Card
9%
Punching Bag
9%
Quints
9%
Recall
9%
Restock
9%
Robo-Baby
9%
Rocket in a Jar
9%
Sack Head
9%
Sack of Pennies
9%
Sacrifical Dagger
9%
Sausage
9%
Scatter Bombs
9%
Sharp Key
9%
Skatole
9%
Smart Fly
9%
Smelter
9%
Spider Bite
9%
Stapler
9%
Stitches
9%
Sumptorium
9%
Tear Detonator
9%
Technology Zero
9%
Telekinesis
9%
Telepathy for Dummies
9%
Teleport
9%
Teleport 2.0
9%
The Belt
9%
The Black Bean
9%
The Hourglass
9%
The Intruder
9%
The Jar
9%
The Nail
9%
The Peeper
9%
The Wiz
9%
Torn Photo
9%
Trinity Shield
9%
Unicorn Stump
9%
Urn of Souls
9%
Vengeful Spirit
9%
White Pony
9%
Wooden Nickel
9%
Wooden Spoon
9%
Zodiac
9%
120 Volt
4%
7 Seals
4%
Analog Stick
4%
Angry Fly
4%
Battery Pack
4%
Belly Button
4%
Belly Jelly
4%
Black Hole
4%
Black Powder
4%
Blood Bombs
4%
Blood Clot
4%
Blood Oath
4%
Bobby-Bomb
4%
Bomber Boy
4%
Boomerang
4%
Brittle Bones
4%
Brown Nugget
4%
Bursting Sack
4%
Butt Bombs
4%
Censer
4%
Champion Belt
4%
Charm of the Vampire
4%
Chemical Peel
4%
Circle of Protection
4%
Consolation Prize
4%
Converter
4%
Cracked Orb
4%
Dead Eye
4%
Dead Sea Scrolls
4%
Death's List
4%
Decap Attack
4%
Eden's Blessing
4%
Empty Heart
4%
Epiphora
4%
Everything Jar
4%
Evil Eye
4%
Eye Drops
4%
Fast Bombs
4%
Fortune Cookie
4%
Freezer Baby
4%
GB Bug
4%
Giant Cell
4%
Glyph of Balance
4%
Guardian Angel
4%
Hallowed Ground
4%
Heartbreak
4%
Hemoptysis
4%
Hypercoagulation
4%
IBS
4%
Immaculate Conception
4%
Keeper's Box
4%
Keeper's Kin
4%
Large Zit
4%
Lead Pencil
4%
Lemon Mishap
4%
Lil Dumpy
4%
Lil Portal
4%
Lil Spewer
4%
Magic Fingers
4%
Magic Skin
4%
Marrow
4%
Metal Plate
4%
Metronome
4%
Mine Crafter
4%
Mom's Bracelet
4%
Mom's Pearls
4%
My Little Unicorn
4%
Mystery Egg
4%
Night Light
4%
No. 2
4%
Ocular Rift
4%
Orphan Socks
4%
Papa Fly
4%
Purgatory
4%
Robo-Baby 2.0
4%
Rosary
4%
Sacrifical Altar
4%
Salvation
4%
Sanguine Bond
4%
Serpent's Kiss
4%
Shade
4%
Shard of Glass
4%
Sharp Straw
4%
Shoop da Whoop!
4%
Sinus Infection
4%
Soul Locket
4%
Spelunker Hat
4%
Spider Mod
4%
Spin to Win
4%
Sticky Bombs
4%
Super Bandage
4%
Tarot Cloth
4%
The Bean
4%
The Gamekid
4%
The Ladder
4%
The Scooper
4%
Thunder Thighs
4%
Toxic Shock
4%
Tractor Beam
4%
Tropicamide
4%
Undefined
4%
Vanishing Twin
4%
Varicose Veins
4%
Vasculitis
4%
Ventricle Razor
4%
Yo Listen!
4%
8 Inch Nails
0%
Alabaster Box
0%
Azazal's Rage
0%
Bird Cage
0%
Bloodshot Eye
0%
Bone Spurs
0%
Butter Bean
0%
Camo Undies
0%
Card Reading
0%
Compost
0%
Contagion
0%
Crack Jacks
0%
Dark Prince's Crown
0%
Dead Tooth
0%
Depression
0%
Dirty Mind
0%
Empty Vessel
0%
Evil Charm
0%
Eye Sore
0%
Friend Finder
0%
Friendly Ball
0%
Fruity Plum
0%
Ghost Baby
0%
Headless Baby
0%
Humbling Bundle
0%
Jar of Wisps
0%
Juicy Sack
0%
Kidney Bean
0%
Leprosy
0%
Linger Bean
0%
Magneto
0%
Marked
0%
Match Book
0%
Mega Bean
0%
Mom's Pad
0%
Mom's Razor
0%
Monstrance
0%
Mucormycosis
0%
Notched Axe
0%
Obsessed Fan
0%
Ouija Board
0%
Pinking Shears
0%
Pupula Duplex
0%
Purity
0%
Remote Detonator
0%
Safety Pin
0%
Samson's Chains
0%
Scapular
0%
Slipped Rib
0%
Spider Butt
0%
Spirit Shackles
0%
Sprinkler
0%
Strange Attractor
0%
Sulfuric Acid
0%
Suplex!
0%
Sworn Protector
0%
The Swarm
0%
Tinytoma
0%
Vade Retro
0%
Voodoo Head
0%
Wait What?
0%
Worm Friend
0%

Score Distribution

Percentile by Number Answered

Percent of People with Each Score

Your Score History

You have not taken this quiz